Catálogo
 En Linea

Historia de la entrada de Cyro el Menor en el asia / (Registro nro. 42113)

Detalles MARC
000 -CABECERA
campo de control de longitud fija 00731nam a2200181 a 4500
001 - NÚMERO DE CONTROL
campo de control 000042624
005 - FECHA Y HORA DE LA ÚLTIMA TRANSACCIÓN
campo de control 20201002040300.0
008 - DATOS DE LONGITUD FIJA--INFORMACIÓN GENERAL
campo de control de longitud fija 140203s1882 sp 000 0 spa d
040 ## - FUENTE DE LA CATALOGACIÓN
Centro catalogador/agencia de origen DO-SdBNP
Lengua de catalogación spa
Centro/agencia transcriptor BNPHU
082 ## - NÚMERO DE LA CLASIFICACIÓN DECIMAL DEWEY
Número de clasificación xxx
Número de documento/Ítem xxx
100 1# - ENTRADA PRINCIPAL--NOMBRE DE PERSONA
Nombre de persona Jenofonte
9 (RLIN) 62993
245 10 - MENCIÓN DE TÍTULO
Título Historia de la entrada de Cyro el Menor en el asia /
Mención de responsabilidad, etc. Xenofonte. Trasladada de griego en castellano por Diego Gracián y enmendada la traducción castellana por el licenciado D. Casimiro Flórez Canseco.
260 ## - PUBLICACIÓN, DISTRIBUCIÓN, ETC.
Lugar de publicación, distribución, etc. Madrid :
Nombre del editor, distribuidor, etc. Luis Navarro,
Fecha de publicación, distribución, etc. 1882.
300 ## - DESCRIPCIÓN FÍSICA
Extensión xxxiv, 316 p. ;
Dimensiones 17 cm.
490 1# - MENCIÓN DE SERIE
Mención de serie Biblioteca clásica
Designación de volumen o secuencia 46
500 ## - NOTA GENERAL
Nota general Incluye referencia bibliográfica y notas al pie de las páginas
830 #0 - PUNTO DE ACCESO ADICIONAL DE SERIE-TÍTULO UNIFORME
Título uniforme Biblioteca clásica ;
Número de parte o sección de la obra 46
9 (RLIN) 69886
Existencias
Estado de retiro Estado de pérdida Restricciones de uso No para préstamo Código de colección Localización permanente Ubicación/localización actual Ubicación en estantería Fecha de adquisición Número de inventario Total de préstamos Signatura topográfica completa Código de barras Fecha visto por última vez Precio válido a partir de Tipo de ítem Koha
    Préstamo en sala Excluido de préstamo Dominicana de Servicio Biblioteca Nacional Pedro Henríquez Ureña Biblioteca Nacional Pedro Henríquez Ureña En catalogación 03.02.2014 LF1   xxx xxx 42624-10 25.06.2020 25.06.2020 Préstamo en sala

Con tecnología Koha